KESALAHAN MEDIA SOSIAL : (Record no. 4896)

000 -LEADER
fixed length control field 00957nam a22002537a 4500
005 - DATE AND TIME OF LATEST TRANSACTION
control field 20210820103523.0
007 - PHYSICAL DESCRIPTION FIXED FIELD--GENERAL INFORMATION
fixed length control field ta
008 - FIXED-LENGTH DATA ELEMENTS--GENERAL INFORMATION
fixed length control field 210820b2021 ||||| |||| 00| 0 eng d
020 ## - INTERNATIONAL STANDARD BOOK NUMBER
International Standard Book Number 9789675887109
Terms of availability hardback
040 ## - CATALOGING SOURCE
Original cataloging agency AKMAL
082 ## - DEWEY DECIMAL CLASSIFICATION NUMBER
Classification number 343.0994 MSZ
090 ## - LOCALLY ASSIGNED LC-TYPE CALL NUMBER (OCLC); LOCAL CALL NUMBER (RLIN)
Classification number (OCLC) (R) ; Classification number, CALL (RLIN) (NR) 343.0994
Local cutter number (OCLC) ; Book number/undivided call number, CALL (RLIN) MSZ
100 0# - MAIN ENTRY--PERSONAL NAME
Personal name Mohd. Sophian Zakaria,
9 (RLIN) 9274
245 10 - TITLE STATEMENT
Title KESALAHAN MEDIA SOSIAL :
Remainder of title MANUAL SIASATAN DAN PENDAKWAAN
Statement of responsibility, etc. MOHD SOPHIAN ZAKARIA, AKMAL HAMDY BAHARUDIN
264 #1 - PRODUCTION, PUBLICATION, DISTRIBUTION, MANUFACTURE, AND COPYRIGHT NOTICE
Place of production, publication, distribution, manufacture Putrajaya :
Name of producer, publisher, distributor, manufacturer Jabatan Peguam Negara
Date of production, publication, distribution, manufacture, or copyright notice 2021
300 ## - PHYSICAL DESCRIPTION
Extent ix, 94 pages :
Other physical details colour illustrations, colour photographs ;
Dimensions 22 cm
650 10 - SUBJECT ADDED ENTRY--TOPICAL TERM
Topical term or geographic name entry element Social media
General subdivision Law and legislation
9 (RLIN) 9275
650 20 - SUBJECT ADDED ENTRY--TOPICAL TERM
Topical term or geographic name entry element Internet
General subdivision Law and legislation
9 (RLIN) 9276
650 20 - SUBJECT ADDED ENTRY--TOPICAL TERM
Topical term or geographic name entry element Digital media
General subdivision Law and legislation
9 (RLIN) 9277
650 20 - SUBJECT ADDED ENTRY--TOPICAL TERM
Topical term or geographic name entry element Digital communications
General subdivision Law and legislation
9 (RLIN) 9278
650 20 - SUBJECT ADDED ENTRY--TOPICAL TERM
Topical term or geographic name entry element Government publications
Geographic subdivision Malaysia
9 (RLIN) 9279
700 ## - ADDED ENTRY--PERSONAL NAME
Personal name Akmal Hamdy Baharudin,
Relator term author.
9 (RLIN) 9280
942 ## - ADDED ENTRY ELEMENTS (KOHA)
Source of classification or shelving scheme
Koha item type Book
Holdings
Withdrawn status Lost status Source of classification or shelving scheme Damaged status Not for loan Collection code Home library Current library Shelving location Date acquired Total Checkouts Full call number Barcode Date last seen Price effective from Koha item type
          NON-FICTION AKMAL Melaka AKMAL Melaka PINJAMAN 20.08.2021   343.0994 MSZ 201707975 20.08.2021 20.08.2021 Book
          NON-FICTION AKMAL Melaka AKMAL Melaka PINJAMAN 20.08.2021   343.0994 MSZ 201707976 20.08.2021 20.08.2021 Book
          NON-FICTION AKMAL Melaka AKMAL Melaka PINJAMAN 20.08.2021   343.0994 MSZ 201707977 20.08.2021 20.08.2021 Book
          NON-FICTION AKMAL Melaka AKMAL Melaka PINJAMAN 20.08.2021   343.0994 MSZ 201707978 20.08.2021 20.08.2021 Book
          NON-FICTION AKMAL Melaka AKMAL Melaka PINJAMAN 20.08.2021   343.0994 MSZ 201707979 20.08.2021 20.08.2021 Book
          NON-FICTION AKMAL Melaka AKMAL Melaka PINJAMAN 20.08.2021   343.0994 MSZ 201707980 20.08.2021 20.08.2021 Book
          NON-FICTION AKMAL Melaka AKMAL Melaka PINJAMAN 20.08.2021   343.0994 MSZ 201707981 20.08.2021 20.08.2021 Book
          NON-FICTION AKMAL Melaka AKMAL Melaka PINJAMAN 20.08.2021   343.0994 MSZ 201707982 20.08.2021 20.08.2021 Book
          NON-FICTION AKMAL Melaka AKMAL Melaka PINJAMAN 20.08.2021   343.0994 MSZ 201707983 20.08.2021 20.08.2021 Book
          NON-FICTION AKMAL Melaka AKMAL Melaka PINJAMAN 20.08.2021   343.0994 MSZ 201707984 20.08.2021 20.08.2021 Book
Pusat Sumber Maklumat Dato' Haji Sarmin Md Hussin, Akademi Kastam Diraja Malaysia, Melaka
Tel: 06-2331106 | Faks: 06-2313787